000 00323nam a2200133Ia 4500
005 20260328104321.0
008 260328s9999||||xx |||||||||||||| ||und||
100 _aIzumi, Shinya
245 0 _aPackage Design In Japan /
_cShinya Izumi
260 _bTaschen
300 _a199 p.
650 _aDISEÑO GRÁFICO
942 _cBK
999 _c11354
_d11354